000 00445nam a22001697a 4500
005 20240902133623.0
008 240902b |||||||| |||| 00| 0 eng d
020 _a978-81-318-0377-6
041 _aeng
082 _a540 VER
100 _aVERMA, DR. N.K AND KHANNA, S.K.
_98493
245 _aCOMPREHENSIVE CHEMISTRY FOR CLASS- XI
260 _aBENGALURU
_bLAXMI PUBLICATION P [LTD]
300 _a9.109,P
650 _aBMLT
_98487
942 _cBK
999 _c8625
_d8623